| 000 | 00618nam a2200169 4500 | ||
|---|---|---|---|
| 008 | 040227s1969 nyu b 000 0beng | ||
| 090 |
_aBT303.2 _bIn7m |
||
| 100 | 1 |
_aMcArthur, Harvey K., _ecomp. |
|
| 245 | 1 | 0 |
_aIn search of the historical Jesus / _cEdited by Harvey K. McArthur. |
| 260 |
_aNew York : _bScribner, _c[1969] |
||
| 300 | _axiii, 284 p. | ||
| 490 | 1 | _aScribner source books in religion | |
| 504 | _aBibliography: p. 281-284. | ||
| 600 | 1 | 4 |
_aJesus Christ _xBiography _xHistory and criticism. |
| 600 | 1 | 4 |
_aJesus Christ _xHistoricity. |
| 951 |
_p18178 _x00005066 _oBT303.2/In7m _j070613111343921 _d2000-12-21 _cGC |
||
| 999 |
_c19326 _d19326 |
||